000 00311nam a22001457a 4500
008 230206b ||||| |||| 00| 0 eng d
020 _a9781285453682
041 _aeng
080 _a004
082 _a004FER
100 _a18
101 _aSHKP
245 _aDISCOVERING COMPUTERS
_cFREUND
942 _2udc
_cBK
999 _c59302
_d59302